<?xml version="1.0" encoding="UTF-8"?>
<record
    xmlns:xsi="http://www.w3.org/2001/XMLSchema-instance"
    xsi:schemaLocation="http://www.loc.gov/MARC21/slim http://www.loc.gov/standards/marcxml/schema/MARC21slim.xsd"
    xmlns="http://www.loc.gov/MARC21/slim">

  <leader>00375nam a22001217a 4500</leader>
  <datafield tag="999" ind1=" " ind2=" ">
    <subfield code="c">9539</subfield>
    <subfield code="d">9539</subfield>
  </datafield>
  <controlfield tag="003">OSt</controlfield>
  <controlfield tag="008">201209b           ||||| |||| 00| 0 eng d</controlfield>
  <datafield tag="245" ind1=" " ind2=" ">
    <subfield code="a">Proceeding Mathematical Sciences</subfield>
  </datafield>
  <datafield tag="250" ind1=" " ind2=" ">
    <subfield code="a">2010(Feb Vol.120 No.1, Apr Vol.120 No.2, Jun Vol.120 No.3, Sep Vol. 120 No.4, Nov Vol.120 No.5)</subfield>
  </datafield>
  <datafield tag="260" ind1=" " ind2=" ">
    <subfield code="a">Bangalore</subfield>
    <subfield code="b">Springer</subfield>
  </datafield>
  <datafield tag="650" ind1=" " ind2=" ">
    <subfield code="a">Applied Science</subfield>
  </datafield>
  <datafield tag="942" ind1=" " ind2=" ">
    <subfield code="2">ddc</subfield>
    <subfield code="c">BV</subfield>
  </datafield>
</record>
